Rulers of the largest empires in history - Statistics

General Stats
  • This quiz has been taken 131 times
  • The average score is 2 of 12
Answer Stats
Empire Year Land area (Million km2) Leader % Correct
2 Mongol Empire 1270 24 Kublai Khan
80%
1 British Empire 1920 35.5 George V Windsor
68%
3 Russian Empire 1895 22.8 Nicholas II Romanov
62%
6 2nd French Colonial Empire 1920 11.5 Raymond Poincaré
13%
4 Qing Dynasty 1790 14.7 Qianlong Emperor
11%
Alexandre Millerand
3%
5 Spanish Empire 1810 13.7 Joseph-Napoléon Bonaparte
2%
7 Abbasid Caliphate 750 11.2 As-Saffah
1%
Paul Deschanel
1%
8 Umayyad Caliphate 720 11.1 Yazid II
1%
10 Tang Dynasty 669 10.76 Emperor Gaozong
0%
9 Yuan Dynasty 1310 11 Külüg Khan
0%
No matching quizzes found
Score Distribution
Percent of People with Each Score
Percentile by Number Answered
Your Score History
You have not taken this quiz